Dates d'histoire à connaître en fin de 4e - Statistiques

Statistiques générales
  • Ce quiz a été pris 133 fois
  • Le résultat moyen est 9 sur 20
Statistiques - réponses
Hint Réponse % Correct
Prise de la Bastille 14 juillet 1789
95%
Règne de Louis XVI 1774/1792
69%
Loi de séparation des églises et de l'Etat 1905
69%
Napoléon 1er, empereur des Français 1804
63%
Révolution française 1789/1799
58%
Second Empire, Napoléon III 1852/1870
56%
Abolition de l'esclavage 1848
53%
Jules Ferry et l'école gratuite, laïque et obligatoire 1882
52%
Révolution américaine 1776/1783
49%
Déclaration des droits de l'homme et des citoyens Août 1789
49%
3e République 1870/1940
47%
Affaire Dreyfus 1894/1906
43%
Consulat et Empire 1799/1815
38%
Seconde république 1848/1852
37%
Proclamation de la République Septembre 1792
36%
Etablissement du suffrage universel masculin 1848
32%
Congrès de Vienne 1815
31%
Encyclopédie Mi 18e siècle
30%
Monarchie constitutionnelle en France 1815/1848
21%
Manifeste du Parti communiste 1848
15%
Aucun quiz correspondant
Distribution des résultats
% des personnes avec chaque résultat
Percentile par nombre de réponses
Votre historique - résultats
Vous n’avez pas pris ce quiz